000 00593nam a2200229 a 4500
001 nice12345678
003 IN_TiNIC
005 20260116012824.0
008 050524s0000 bana grp 000 0 eng
020 _a
_c100
082 0 0 _a305.4092
_bRAO
100 _aRao, I V Chalapati
245 _aDurgabai Deshmukh
_b Life and Message
260 _aBangalore
_bInformation and Public Relstions
_c0000
500 _aincludes index and biblioraphy
505 2 _aIndex
650 _aWomen-India-Biography
700 1 _aRao, I V Chalapati
902 _bSRS
942 _cBK
999 _c8519
_d8519